000 00258nam a2200109Ia 4500
008 200302s9999 xx 000 0 und d
100 _aW. B. Mckay
245 _aBuilding Construction Vol 1
260 _bOrient Longman Ltd.
260 _c1985
300 _a170 P.,
999 _c815
_d815